01399nam a2200325 a 4500001001000000003000500010005001700015008004100032010001100073011001100084040000900095090001000104100005000114245015400164260004100318500006000359502007800419590004000497590004000537590004000577650003800617650004000655856007000695901000700765942001000772942000600782999001900788952013100807952013500938000114573CHAP20220329144447.0180305s2017 mx a fsm |||||||spa d a111034 a112006 cCHAP aTesis1 aValerio Hernández, Jonathan Emanuel913043010aComparación de valores genéticos utilizando marcadores SNP y modelos UNI- y bivariados /h[En línea]cpor Jonathan Emanuel Valerio Hernández. aChapingo, Méx. :bEl autor,c2017. aPara ver el contenido del material haga clic en la liga aTesis (M. C. en Innovación Ganadera) -- UACH. Departamento de Zootecnia aE8697GMMb05c20180305lUCH01h1440 aE8697GMMb05c20180305lUCH01h1442 aE8697GMMb05c20180306lUCH01h120014aGanado vacunoxGenética.94547014aGanado vacunoxMejoramiento.945480 aFinding aiduhttp://10.13.5.2/tesis/sist114573.pdfzTeclea aquí aBK cTESIS n0 c111034d111034 00104054718TESISaBCbBCd2018-03-05fTESISl0oTesisp114574-10r2019-12-31 00:00:00w2019-12-31yTESISzRecien adquirido 00102local4053708TESISaBCbBCcPA_TESISd2018-03-05fTESISl0oTesisp114574-20r2019-12-31 00:00:00tc.2w2019-12-31yTESIS